00898ntm a22002417a 450000500170000000800410001704000280005808200170008610000370010324500580014026000090019830000350020750001770024259000100041965000390042965300230046865500090049170000210050077700090052194200080053099900170053895201010055520170813141627.0170802s20?? xx a frb 000 0 eng d aEG-ScBUEbengcEG-ScBUE04222bSADa6241 aSadek , Fekry Amr Mohamed Fekry.10aGeopolymer concrete /bFekry Amr Mohamed Fekry Sadek. c200? a39 p. :bill. (col.) ;c28 cm. aA dissertation submitted to the faculty of engineering.the britsh university in egypt in partial fulfillment of the requiement for the bachelor degree in civil engineering anagwa 72BUEshvProjectsaCivil engineering bENGCIVcAugust2015 vSPRO1 ethetHelmy, Amr. ASPRO 2ddc c25134d25106 00102ddc4070aMAINbMAINc2NDd2017-08-07l0o624 SADp000046257r2025-07-15 00:00:00yPROJST